Pokémon - Les attaques de Zéblitz - Statistiques

Statistiques générales
  • Ce quiz a été pris 19 fois
  • Le résultat moyen est 9 sur 14
Statistiques - réponses
Niveaux Types Noms des attaques % Correct
Départ Niveau 15 Électrique Cage-Éclair
75%
Niveau 47 Électrique Éclair Fou
75%
Niveau 11 Électrique Onde de Choc
75%
Départ Niveau 8 Électrique Chargeur
67%
Niveau 36 Électrique Coup d'Jus
67%
Niveau 31 Normal Écrasement
67%
Niveau 25 Électrique Étincelle
67%
Niveau 42 Psy Hâte
67%
Départ Niveau 4 Normal Mimi-Queue
67%
Niveau 18 Feu Nitrocharge
67%
Départ Normal Vive-Attaque
67%
Niveau 22 Ténèbres Poursuite
42%
Niveau 53 Normal Mania
33%
Départ Niveau 58 Électrique DélugePlasmique
25%
Aucun quiz correspondant
Distribution des résultats
% des personnes avec chaque résultat
Percentile par nombre de réponses
Votre historique - résultats
Vous n’avez pas pris ce quiz